01009nam a22002657a 45000010005000000030006000050050017000110080041000280200018000690400029000870500014001160820008001301000021001382450093001592500027002522600035002793000045003145050007003595200261003665210019006275210018006466500021006646500024006857000034007095212FISKH20241119102723.0241119b cb ||||| |||| 00| 0 eng d a9780439405706 aFISKHbengcFISKHdFISKH aPZ7.M1257 a514 aMaccarone, Grace aMagic matt and the skunk in the tub /cby Grace Maccarone Illustrated by Norman Bridwell aFirst printing in 2003 aNew York :bScholastic,c2003. a21 pages :bColor illustrations ;c23 cm aL  aWhen Magic Max tries to conjure up a rubber duck to play with while he takes a bath, he makes a skunk appear instead and must think of a way to get rid of the terrible smell. Includes Matt's magic words and a list of other words that have a soft "u" sound.8 a510L bLexile 8 aL bRaz-Plus  2FantasyaLevel G 2Early readeraMagic aBridwell, NormandIllustrator